000 01412cam a2200373 a 4500
001 15495755
003 OSt
005 20211105110647.0
008 081023s2009 fluaf b 001 0 eng
010 _a 2008046284
020 _a9780849378867 (alk. paper)
035 _a(OCoLC)263498349
035 _a(OCoLC)ocn263498349
038 _aKhadija
040 _aDLC
_cDLC
_dC#P
_dBWX
_dYDXCP
_dCDX
_dDLC
050 0 0 _aTJ230
_b.I65 2009
082 0 0 _a621.815
_222
_bINT
100 _aMekid, Samir
_969222
245 0 0 _aIntroduction to precision machine design and error assessment /
_cedited by Samir Mekid.
260 _aBoca Raton :
_bCRC Press,
_cc2009.
300 _axvii, 330 p., [24] p. of plates :
_bill. (some col.) ;
_c27 cm.
490 1 _aMechanical engineering series
504 _aIncludes bibliographical references and index.
563 _aHardcover
650 0 _aMachine design.
_918984
650 0 _aMachine-tools
_xMonitoring.
_983668
650 0 _aMeasurement.
_935886
700 1 _aMekid, Samir.
_969222
830 0 _aMechanical engineering series (Boca Raton, Fla.)
_932068
856 4 1 _3Table of contents only
_uhttp://www.loc.gov/catdir/toc/fy0904/2008046284.html
906 _a7
_bcbc
_corignew
_d1
_eecip
_f20
_gy-gencatlg
942 _2ddc
_cBK
999 _c32875
_d32875